[Event "Ceske sachove vanoce 2004"]
[Site "Litomysl"]
[Date "2005.01.01"]
[Round "8.19"]
[White "Blazkova, Petra"]
[Black "Mejzlik, Ondrej"]
[Result "1-0"]
[WhiteElo "2214"]
[BlackElo "2054"]
[PlyCount "91"]
[EventDate "2004.12.26"]

1. e4 d5 2. exd5 Qxd5 3. Nc3 Qa5 4. d4 c6 5. Bc4 Nf6 6. Qe2 Bf5 7. Bd2 e6 8. d5
Bb4 9. dxe6 Bxe6 10. Bxe6 O-O 11. O-O-O fxe6 12. Qxe6+ Kh8 13. Nf3 Nbd7 14. a3
Rae8 15. Qc4 Bxc3 16. Bxc3 Qc7 17. Rhe1 Nb6 18. Qh4 Qf7 19. Ng5 Qh5 20. Qxh5
Nxh5 21. Ne6 Rg8 22. g4 Nf6 23. Nxg7 Kxg7 24. g5 Nbd5 25. Rxe8 Rxe8 26. gxf6+
Kf7 27. Bd4 b5 28. Rd3 Nf4 29. Rd1 Ne2+ 30. Kb1 Rd8 31. c3 c5 32. Re1 cxd4 33.
Rxe2 d3 34. Rd2 Kxf6 35. Kc1 Kf5 36. Rd1 Ke4 37. Kd2 Rf8 38. Re1+ Kd5 39. Kxd3
Rxf2 40. Re2 Rxe2 41. Kxe2 Kc4 42. Kd2 Kb3 43. Kc1 h5 44. h4 Ka2 45. Kc2 a6 46.
a4 1-0

[Event "Ceske sachove vanoce 2004"]
[Site "Litomysl"]
[Date "2005.01.01"]
[Round "8.20"]
[White "Kovar, Vojtech"]
[Black "Motyl, Tomasz"]
[Result "1-0"]
[WhiteElo "2210"]
[BlackElo "2049"]
[PlyCount "56"]
[EventDate "2004.12.26"]

1. Nf3 d6 2. g3 e5 3. Bg2 Nc6 4. d3 g6 5. c4 Bg7 6. Nc3 f5 7. Rb1 a5 8. a3 Nf6
9. Nd2 O-O 10. O-O Nd4 11. b4 axb4 12. axb4 c6 13. Nb3 Ne6 14. Bd2 f4 15. Na5
h5 16. Ne4 h4 17. Rc1 hxg3 18. fxg3 fxg3 19. hxg3 Nh5 20. Rxf8+ Bxf8 21. Qe1
Nd4 22. e3 Nb3 23. Nxb3 Ra4 24. Qf2 Bh6 25. b5 Qb6 26. Rf1 Be6 27. g4 Ra2 28.
Kh1 Ng7 1-0

[Event "Ceske sachove vanoce 2004"]
[Site "Litomysl"]
[Date "2005.01.01"]
[Round "8.21"]
[White "Masek, Miroslav"]
[Black "Amberger, Dieter"]
[Result "1-0"]
[WhiteElo "2200"]
[BlackElo "2100"]
[PlyCount "45"]
[EventDate "2004.12.26"]

1. d4 d5 2. Nf3 Nf6 3. c4 c6 4. Nc3 e6 5. Bg5 dxc4 6. e4 b5 7. e5 h6 8. Bh4 g5
9. Nxg5 hxg5 10. Bxg5 Nbd7 11. g3 Bb7 12. Bg2 Qb6 13. exf6 c5 14. d5 O-O-O 15.
O-O b4 16. Rb1 Qa6 17. dxe6 Bxg2 18. e7 Bxf1 19. Qd5 Bd3 20. Bf4 Qb6 21. Na4
Qb5 22. Qa8+ Nb8 23. Qxa7 1-0

[Event "Ceske sachove vanoce 2004"]
[Site "Litomysl"]
[Date "2005.01.01"]
[Round "8.26"]
[White "Batyte, Daiva"]
[Black "Dlauchy, Peter"]
[Result "1-0"]
[WhiteElo "2130"]
[BlackElo "2024"]
[PlyCount "69"]
[EventDate "2004.12.26"]

1. e4 e6 2. d4 d5 3. e5 c5 4. c3 Nc6 5. Nf3 Qb6 6. Be2 cxd4 7. cxd4 Nge7 8. Na3
Nf5 9. Nc2 Bb4+ 10. Kf1 Be7 11. h3 Bd7 12. Kg1 Rc8 13. b3 Qc7 14. Bd3 Nb4 15.
Nxb4 Bxb4 16. Bb2 Be7 17. Kh2 O-O 18. g4 Nh4 19. Nxh4 Bxh4 20. f4 Be7 21. Rg1
f6 22. Qd2 Qd8 23. Rac1 Kh8 24. Qe2 Qe8 25. f5 fxe5 26. dxe5 Bc5 27. Rg3 a6 28.
a4 Qd8 29. f6 gxf6 30. exf6 Rf7 31. Be5 Be8 32. g5 Bd6 33. g6 Bxe5 34. Qxe5
hxg6 35. Bxg6 1-0

[Event "Ceske sachove vanoce 2004"]
[Site "Litomysl"]
[Date "2005.01.02"]
[Round "9.5"]
[White "Splosnov, Sergei"]
[Black "Neuman, Petr"]
[Result "1/2-1/2"]
[WhiteElo "2367"]
[BlackElo "2433"]
[PlyCount "101"]
[EventDate "2004.12.26"]

1. Nf3 Nf6 2. c4 g6 3. Nc3 Bg7 4. g3 O-O 5. Bg2 d6 6. d4 c6 7. O-O Qa5 8. e4
Bg4 9. h3 Bxf3 10. Bxf3 e5 11. Be3 Nbd7 12. a3 exd4 13. Bxd4 Rfe8 14. Re1 h5
15. Bg2 Rad8 16. b4 Qc7 17. f4 Nb6 18. Qb3 Nfd7 19. Bxg7 Kxg7 20. Rad1 Nf8 21.
h4 Qe7 22. Na4 Qc7 23. c5 Nxa4 24. Qxa4 dxc5 25. bxc5 Ne6 26. e5 Nxc5 27. Qxa7
Ne6 28. Rxd8 Rxd8 29. Rb1 Rd7 30. Bh3 b5 31. Qxc7 Rxc7 32. Bxe6 fxe6 33. Kf2
Ra7 34. Rc1 Ra6 35. Rc3 Kf7 36. g4 Ke7 37. Rd3 Ra4 38. Kf3 Rc4 39. gxh5 gxh5
40. Rd6 Rc1 41. Ke4 Rc4+ 42. Ke3 Kf7 43. Kf3 c5 44. Rb6 b4 45. axb4 cxb4 46.
Ke3 Ke7 47. Rd6 b3 48. Rb6 Rc3+ 49. Kd4 Rf3 50. Rb7+ Kd8 51. Kc4 1/2-1/2

[Event "Ceske sachove vanoce 2004"]
[Site "Litomysl"]
[Date "2005.01.02"]
[Round "9.7"]
[White "Bernasek, Jan"]
[Black "Plischki, Sebastian"]
[Result "1-0"]
[WhiteElo "2384"]
[BlackElo "2346"]
[PlyCount "119"]
[EventDate "2004.12.26"]

1. d4 Nf6 2. c4 g6 3. Nf3 Bg7 4. g3 d5 5. cxd5 Nxd5 6. Bg2 Nb6 7. Nc3 Nc6 8. d5
Bxc3+ 9. bxc3 Qxd5 10. Bf4 Qxd1+ 11. Rxd1 Be6 12. Bxc7 Nd5 13. Be5 Nxe5 14.
Nxe5 O-O-O 15. O-O Nb6 16. Nd3 Bd5 17. Rb1 Bxg2 18. Kxg2 Rd5 19. c4 Ra5 20. c5
Nd5 21. Rb2 Kc7 22. Rfb1 Rb8 23. Rc1 Ra3 24. h4 h5 25. Ne5 f6 26. Nxg6 Rg8 27.
e4 Ne3+ 28. fxe3 Rxg6 29. Kf3 Rg8 30. Rd1 e6 31. Rc2 Rd8 32. Rxd8 Kxd8 33. Rd2+
Kc7 34. e5 fxe5 35. Rg2 Ra4 36. g4 hxg4+ 37. Kg3 Kd7 38. h5 Ke7 39. Rf2 Rc4 40.
h6 Rxc5 41. Kxg4 Rc1 42. Rh2 Rg1+ 43. Kf3 Rg8 44. Ke4 Rh8 45. Kxe5 b5 46. h7 b4
47. Rh4 a5 48. Kd4 a4 49. Kc4 b3 50. axb3 axb3 51. Kxb3 Kf6 52. Kc4 Kg7 53. Kd4
Rd8+ 54. Ke5 Kh8 55. e4 Re8 56. Rh1 Re7 57. Kf6 Re8 58. e5 Rf8+ 59. Kxe6 Rf6+
60. Kd5 1-0

[Event "Ceske sachove vanoce 2004"]
[Site "Litomysl"]
[Date "2005.01.02"]
[Round "9.9"]
[White "Groetz, Harald"]
[Black "Michenka, Josef"]
[Result "1-0"]
[WhiteElo "2299"]
[BlackElo "2350"]
[PlyCount "121"]
[EventDate "2004.12.26"]

1. e4 c5 2. Nf3 Nc6 3. d4 cxd4 4. Nxd4 Nf6 5. Nc3 d6 6. Bc4 Qb6 7. Ndb5 a6 8.
Be3 Qa5 9. Nd4 e6 10. O-O Be7 11. f4 O-O 12. Bb3 Bd7 13. f5 Nxd4 14. Bxd4 Rac8
15. Qf3 Kh8 16. Rad1 b5 17. a3 Qc7 18. Qg3 a5 19. fxe6 fxe6 20. e5 dxe5 21.
Bxe5 Qc5+ 22. Bd4 Qc6 23. Qg5 h6 24. Qh4 Bc5 25. Kh1 Bxd4 26. Qxd4 Rcd8 27. a4
b4 28. Nb5 Ne4 29. Kg1 Nc5 30. Nd6 Rb8 31. Rf7 Rxf7 32. Nxf7+ Kh7 33. Ne5 Qb6
34. Nxd7 Nxd7 35. Qxb6 Nxb6 36. Rd6 e5 37. Re6 Nd7 38. Ra6 Nc5 39. Rxa5 Nxb3
40. cxb3 Rd8 41. Rb5 Rd4 42. Kf2 Rd2+ 43. Kf1 Rxb2 44. Rxb4 Ra2 45. Re4 Ra3 46.
Re3 Kg6 47. Rg3+ Kf5 48. Ke2 g5 49. Kd2 g4 50. Kc3 Ra1 51. Kb2 Rd1 52. b4 Kf4
53. Rc3 e4 54. g3+ Ke5 55. b5 Kd4 56. b6 e3 57. b7 e2 58. b8=Q Rb1+ 59. Kxb1
e1=Q+ 60. Rc1 Qe4+ 61. Kb2 1-0

[Event "Ceske sachove vanoce 2004"]
[Site "Litomysl"]
[Date "2005.01.02"]
[Round "9.10"]
[White "Holemar, David"]
[Black "Cernousek, Lukas"]
[Result "0-1"]
[WhiteElo "2326"]
[BlackElo "2343"]
[PlyCount "130"]
[EventDate "2004.12.26"]

1. d4 d5 2. c4 c6 3. cxd5 cxd5 4. Nf3 Nf6 5. Nc3 Nc6 6. Bf4 a6 7. Rc1 Qb6 8.
Na4 Qa5+ 9. Bd2 Qd8 10. Qb3 e6 11. e3 Nd7 12. Bd3 Bd6 13. e4 dxe4 14. Bxe4 Ne7
15. O-O O-O 16. Rfe1 Nf6 17. Nb6 Nxe4 18. Rxe4 Rb8 19. Bf4 Bxf4 20. Rxf4 Bd7
21. d5 exd5 22. Nxd5 Nxd5 23. Qxd5 Be6 24. Qxd8 Rfxd8 25. a3 Rbc8 26. Rxc8 Rxc8
27. h3 Rc1+ 28. Kh2 Rc2 29. Rd4 f6 30. Rd2 Rxd2 31. Nxd2 Bd5 32. f4 Kf7 33. Kg1
Ke6 34. Kf2 Kf5 35. g3 g5 36. fxg5 fxg5 37. Nf3 h6 38. Ke3 a5 39. Nd4+ Kf6 40.
Nf3 a4 41. Nh2 Bg2 42. Ng4+ Kg6 43. Nf2 Kf5 44. Ke2 h5 45. Ke3 h4 46. gxh4 gxh4
47. Nd1 Ke5 48. Nc3 Bc6 49. Ne2 Bd7 50. Nf4 Kf5 51. Ng2 Kg5 52. Nf4 Bc8 53. Ke4
Bf5+ 54. Ke5 b5 55. Ng2 Bxh3 56. Nxh4 Kxh4 57. Kd5 Be6+ 58. Kc5 Bc4 59. Kb4 Kg4
60. Kc3 Kf4 61. Kc2 Ke4 62. Kc3 Ke3 63. Kc2 Ke2 64. Kb1 Kd2 65. Ka1 Kc1 0-1

[Event "Ceske sachove vanoce 2004"]
[Site "Litomysl"]
[Date "2005.01.02"]
[Round "9.11"]
[White "Blazkova, Petra"]
[Black "Kotan, Ladislav"]
[Result "1-0"]
[WhiteElo "2214"]
[BlackElo "2332"]
[PlyCount "121"]
[EventDate "2004.12.26"]

1. e4 e5 2. f4 Bc5 3. Nf3 d6 4. fxe5 dxe5 5. c3 Nf6 6. d4 exd4 7. e5 Nd5 8.
cxd4 Bb4+ 9. Bd2 Be7 10. Nc3 O-O 11. Bc4 Nb6 12. Bb3 Nc6 13. d5 Na5 14. O-O
Nxb3 15. Qxb3 Bf5 16. Be3 Bd3 17. Bxb6 axb6 18. Rfd1 Bc5+ 19. Kh1 Bg6 20. Na4
Bf2 21. Rd2 Bh4 22. d6 c6 23. Nxb6 Ra6 24. Na4 Bg5 25. Re2 b6 26. Nxg5 Qxg5 27.
Nc3 Bf5 28. Qc4 b5 29. Qd4 h6 30. a3 Be6 31. Rae1 Qh5 32. Rd2 Rd8 33. Ne4 Ra4
34. Qb6 Rc8 35. d7 Bxd7 36. Rxd7 Qxe5 37. Rd8+ Rxd8 38. Qxd8+ Kh7 39. Qd3 g6
40. Qc3 Qd4 41. Qxd4 Rxd4 42. Kg1 f5 43. Nc3 b4 44. axb4 Rxb4 45. Re7+ Kg8 46.
Re2 Kf7 47. Kf2 Kf6 48. Ke3 Rh4 49. g3 Rb4 50. Rc2 Ke5 51. Ne2 Kd6 52. Nd4 c5
53. Nf3 g5 54. Rd2+ Ke6 55. Ne1 Rb3+ 56. Kf2 Rb5 57. Ng2 Ke5 58. Ne3 Ke4 59.
Nc4 Rb4 60. Re2+ Kd3 61. Ne5+ 1-0

[Event "Ceske sachove vanoce 2004"]
[Site "Litomysl"]
[Date "2005.01.02"]
[Round "9.12"]
[White "Cerveny, Martin"]
[Black "Zawadzka, Jolanta"]
[Result "1/2-1/2"]
[WhiteElo "2135"]
[BlackElo "2329"]
[PlyCount "124"]
[EventDate "2004.12.26"]

1. d4 Nf6 2. c4 g6 3. Nc3 Bg7 4. e4 d6 5. f3 O-O 6. Bg5 c5 7. d5 a6 8. a4 h6 9.
Be3 e6 10. Nge2 exd5 11. cxd5 Re8 12. Ng3 Nbd7 13. Qd2 Kh7 14. Be2 Rb8 15. O-O
Ne5 16. h3 Re7 17. Rfe1 b5 18. axb5 axb5 19. f4 Nc4 20. Bxc4 bxc4 21. e5 dxe5
22. Bxc5 Rd7 23. Rxe5 Bb7 24. d6 Ne8 25. Rd1 Rc8 26. Qf2 Nxd6 27. Bb6 Qh8 28.
Ree1 Bc6 29. f5 Rb8 30. Qc5 Qc8 31. fxg6+ fxg6 32. Rxd6 Rxd6 33. Qxd6 Rxb6 34.
Re7 Rb7 35. Re6 Be8 36. Nge4 Rd7 37. Qa6 $11 Bd4+ 38. Kh1 Qxa6 39. Rxa6 Rf7 40.
g3 Kg7 41. Rd6 Rd7 42. Kg2 Rxd6 43. Nxd6 Bc6+ 44. Kf1 Be5 45. Nde4 Bxe4 46.
Nxe4 Bxb2 47. Ke2 Be5 48. g4 Kf7 49. Nd2 c3 50. Nf3 Bf6 51. Kd3 Ke6 52. Ne1 Kd5
53. Ng2 Be5 54. Nh4 Bg3 55. Nxg6 Ke6 56. h4 Kf6 57. h5 Be1 58. Kc2 Bd2 59. Nh4
$11 Kg5 60. Nf5 Kxg4 61. Nxh6+ Bxh6 62. Kxc3 Kxh5 1/2-1/2

[Event "Ceske sachove vanoce 2004"]
[Site "Litomysl"]
[Date "2005.01.02"]
[Round "9.13"]
[White "Manik, Mikulas"]
[Black "Bartel, Michal"]
[Result "1-0"]
[WhiteElo "2510"]
[BlackElo "2202"]
[PlyCount "109"]
[EventDate "2004.12.26"]

1. e4 e5 2. Nf3 Nc6 3. Bb5 a6 4. Ba4 Nf6 5. O-O Be7 6. Re1 b5 7. Bb3 d6 8. c3
O-O 9. d4 Bg4 10. Be3 d5 11. exd5 Nxd5 12. dxe5 Nxe3 13. Rxe3 Qxd1+ 14. Bxd1
Rad8 15. Nbd2 Rfe8 16. h3 Bc5 17. hxg4 Bxe3 18. fxe3 Nxe5 19. a4 Nxg4 20. e4
Ne5 21. Bc2 g5 22. Nf1 f6 23. axb5 axb5 24. Ra7 Rd7 25. Nxe5 Rxe5 26. Ng3 Rc5
27. Ra8+ Kf7 28. Bb3+ Kg6 29. Nf5 h5 30. Rh8 g4 31. Kh2 Re5 32. Rg8+ Kh7 33.
Rf8 Kg6 34. Nh4+ Kh6 35. Rxf6+ Kg5 36. Rg6+ Kf4 37. Bd5 Ke3 38. Rc6 Re8 39. Rc5
Rb8 40. Bc6 Rd2 41. e5 Kf2 42. e6 Re2 43. Rf5+ Ke1 44. Bd7 b4 45. Ng6 h4 46. e7
h3 47. Re5 hxg2 48. Rxe2+ Kxe2 49. Kxg2 bxc3 50. bxc3 Kd3 51. Nf8 c5 52. Ne6
Kxc3 53. Nd8 Rb2+ 54. Kg3 Re2 55. Be6 1-0

[Event "Ceske sachove vanoce 2004"]
[Site "Litomysl"]
[Date "2005.01.02"]
[Round "9.14"]
[White "Kanovsky, David"]
[Black "Masek, Miroslav"]
[Result "0-1"]
[WhiteElo "2392"]
[BlackElo "2200"]
[PlyCount "84"]
[EventDate "2004.12.26"]

1. b3 d5 2. Bb2 Bg4 3. Nf3 Nd7 4. e3 e6 5. Be2 Ngf6 6. h3 Bxf3 7. Bxf3 Bd6 8.
d3 c6 9. Nd2 a5 10. g4 h6 11. h4 Ne5 12. Be2 Ng6 13. h5 Nf8 14. f4 Rg8 15. a4
Qb6 16. d4 c5 17. Bb5+ N8d7 18. Qf3 cxd4 19. Bxd4 Bc5 20. Bxc5 Qxc5 21. g5 Nh7
22. Bxd7+ Kxd7 23. c4 hxg5 24. cxd5 gxf4 25. dxe6+ fxe6 26. Qxb7+ Qc7 27. Qxc7+
Kxc7 28. exf4 Nf6 29. Rc1+ Kd7 30. Nc4 Nd5 31. Rg1 Ke7 32. Rf1 Rh8 33. Rg1 Rxh5
34. Rxg7+ Kf6 35. Rb7 Nxf4 36. Kd2 $11 Rd8+ 37. Ke3 Rd3+ 38. Ke4 Rhd5 39. Ne3
R5d4+ 40. Kf3 Nd5 41. Re1 Rf4+ 42. Kg3 Rf5 0-1

[Event "Ceske sachove vanoce 2004"]
[Site "Litomysl"]
[Date "2005.01.02"]
[Round "9.15"]
[White "Sochor, Stanislav"]
[Black "Novak, Pavel"]
[Result "1/2-1/2"]
[WhiteElo "2133"]
[BlackElo "2338"]
[PlyCount "97"]
[EventDate "2004.12.26"]

1. d4 Nf6 2. Nf3 g6 3. g3 Bg7 4. Bg2 O-O 5. O-O d6 6. c4 c6 7. Nc3 Qa5 8. h3
Be6 9. d5 cxd5 10. Nd4 dxc4 11. Nxe6 fxe6 12. Bxb7 Nbd7 13. Bxa8 Rxa8 14. Qa4
Qxa4 15. Nxa4 Nd5 16. Bd2 N7b6 17. Nc3 Nxc3 18. Bxc3 Bxc3 19. bxc3 Na4 20. Rfc1
Rb8 21. Rc2 Kf7 22. Kf1 e5 23. Ke1 Ke6 24. Kd2 d5 25. f3 Kd6 26. h4 Kc5 27. e3
Rb6 28. f4 d4 29. exd4+ exd4 30. cxd4+ Kxd4 31. Re1 c3+ 32. Ke2 Rb2 33. Rd1+
Kc4 34. Rdc1 Kb4 35. Kd3 Ka3 36. Rxc3+ Nxc3 37. Rxc3+ Kxa2 38. Rc7 a5 39. Rxe7
a4 40. Rxh7 Rb3+ 41. Ke4 a3 42. h5 gxh5 43. Rxh5 Rxg3 44. Ra5 Kb2 45. f5 a2 46.
Rxa2+ Kxa2 47. f6 Rg1 48. Ke5 Kb3 49. f7 1/2-1/2

[Event "Ceske sachove vanoce 2004"]
[Site "Litomysl"]
[Date "2005.01.02"]
[Round "9.18"]
[White "Krejci, Jakub"]
[Black "Walentukiewicz, Michal"]
[Result "1-0"]
[WhiteElo "2257"]
[BlackElo "1994"]
[PlyCount "63"]
[EventDate "2004.12.26"]

1. e4 c5 2. Nf3 d6 3. d4 cxd4 4. Nxd4 Nf6 5. Nc3 g6 6. Be3 Bg7 7. f3 O-O 8. Bc4
Nc6 9. Qd2 Bd7 10. O-O-O a5 $11 11. h4 Ne5 12. Be2 Rc8 13. g4 a4 14. a3 Nc4 15.
Bxc4 Rxc4 16. h5 b5 17. hxg6 fxg6 18. Bh6 Bxh6 19. Qxh6 Rf7 20. Nd5 Nxd5 $11
21. exd5 Qb6 22. Qd2 b4 23. axb4 Rxb4 24. Qc3 Rf4 25. Ne6 Bxe6 26. Rxh7 Rbd4
27. Rdh1 Bd7 28. g5 Bh3 29. R7xh3 Rh4 30. Rxh4 Rxh4 31. Qc8+ Kg7 32. Re1 1-0

[Event "Ceske sachove vanoce 2004"]
[Site "Litomysl"]
[Date "2005.01.02"]
[Round "9.19"]
[White "Valenta, Vit"]
[Black "Kovar, Vojtech"]
[Result "1-0"]
[WhiteElo "2164"]
[BlackElo "2210"]
[PlyCount "101"]
[EventDate "2004.12.26"]

1. Nf3 Nf6 2. c4 g6 3. b4 Bg7 4. Bb2 O-O 5. d3 d6 6. Nbd2 e5 7. g3 Nc6 8. b5
Ne7 9. Bg2 Bd7 10. O-O Qc8 11. Re1 Bh3 12. Bh1 h6 13. a4 Ng4 14. a5 e4 15. Bxg7
e3 16. fxe3 Nxe3 17. Qc1 Kxg7 18. Ne4 Ng4 19. Qb2+ f6 20. a6 b6 21. d4 Qf5 22.
Nh4 Qh5 23. Nf2 Nxf2 24. Bxa8 Rxa8 25. Kxf2 Nf5 26. Nxf5+ Bxf5 27. Kg1 Be4 28.
Rf1 Re8 29. Rf2 Qh3 30. Re1 h5 31. Qc3 h4 32. Qe3 f5 33. Qg5 Rh8 34. g4 Qxg4+
35. Qxg4 fxg4 36. Rf4 Re8 37. Rxg4 Bf5 38. Rf4 Re3 39. Kf2 Rc3 40. Rg1 Bc2 41.
d5 Bb3 42. Rfg4 Kf6 43. Rxg6+ Ke5 44. Re6+ Kd4 45. Rg4+ Kc5 46. Rg7 Bxc4 47.
Rxc7+ Kxb5 48. Rxa7 Bxd5 49. Rh6 Ka5 50. Rh5 Rc5 51. Rd7 1-0

[Event "Ceske sachove vanoce 2004"]
[Site "Litomysl"]
[Date "2005.01.02"]
[Round "9.20"]
[White "Kantorik, Marian"]
[Black "Cerveny, Petr"]
[Result "0-1"]
[WhiteElo "2324"]
[BlackElo "2098"]
[PlyCount "28"]
[EventDate "2004.12.26"]

1. d4 e6 2. c4 f5 3. Nc3 Nf6 4. Nf3 Bb4 5. a3 Bxc3+ 6. bxc3 b6 7. e3 Bb7 8. Be2
O-O 9. O-O Ne4 10. Qc2 d6 11. a4 Rf6 12. Nd2 Rh6 13. Bf3 Qh4 14. h3 Ng5 0-1

[Event "Ceske sachove vanoce 2004"]
[Site "Litomysl"]
[Date "2005.01.02"]
[Round "9.21"]
[White "Srba, Milan"]
[Black "Ruzicka, Milan"]
[Result "1-0"]
[WhiteElo "2144"]
[BlackElo "2069"]
[PlyCount "109"]
[EventDate "2004.12.26"]

1. e4 e6 2. d4 d5 3. Nd2 c5 4. exd5 exd5 5. Ngf3 Nf6 6. Bb5+ Nc6 7. O-O Be7 8.
dxc5 Bxc5 9. Re1+ Be6 10. Nb3 Qb6 11. Nxc5 Qxc5 12. Nd4 O-O 13. Bxc6 bxc6 14.
Rxe6 fxe6 15. Nxe6 Qb6 16. Nxf8 Rxf8 17. Be3 Qxb2 18. Bxa7 Ne4 19. Bd4 Nc3 20.
Qe1 Ne2+ 21. Qxe2 Qxd4 22. Rd1 Qc5 23. h3 h6 24. Re1 Kh8 25. g3 d4 26. Qe7 Qf5
27. Re2 Ra8 28. Qe6 Qf3 29. Re1 Rf8 30. Qe2 Qf7 31. a4 c5 32. Kg2 c4 33. f4 Ra8
34. Qe4 Rxa4 35. Qxd4 Ra2 36. Qe4 Qa7 37. Qe8+ Kh7 38. Qe4+ Kh8 39. Qxc4 Qb7+
40. Kh2 Ra8 41. Qe4 Qa7 42. Re2 Rd8 43. c4 Rd1 44. Qe8+ Kh7 45. Qe3 Qa1 46.
Qe4+ Kh8 47. f5 Rd8 48. c5 Qf6 49. c6 Rc8 50. Qe6 Qd8 51. Qd7 Qf8 52. c7 Ra8
53. Rc2 Rc8 54. Rd2 Kg8 55. Qxc8 1-0

[Event "Ceske sachove vanoce 2004"]
[Site "Litomysl"]
[Date "2005.01.02"]
[Round "9.22"]
[White "Bakalar, Jan"]
[Black "Herbold, Manfred"]
[Result "0-1"]
[WhiteElo "2068"]
[BlackElo "2140"]
[PlyCount "79"]
[EventDate "2004.12.26"]

1. e4 e6 2. d4 d5 3. Nd2 Nf6 4. e5 Nfd7 5. Bd3 c5 6. c3 Nc6 7. Ne2 cxd4 8. cxd4
f6 9. exf6 Nxf6 10. O-O Bd6 11. Nf3 Qc7 12. Bg5 O-O 13. Rc1 h6 14. Bh4 Nh5 15.
Bg3 Nxg3 16. fxg3 g5 17. a3 Qg7 18. Qd2 Bd7 19. b4 a6 20. Qe3 Rae8 21. Bc2 Bb8
22. h4 $11 g4 23. Nh2 Ba7 24. Kh1 Nxd4 25. Nf4 Nf5 26. Qxa7 Nxg3+ 27. Kg1 Rxf4
28. Rxf4 Ne2+ 29. Kh1 Nxf4 30. Qe3 e5 31. g3 Bc6 32. Be4 dxe4 33. gxf4 exf4 34.
Qxf4 e3+ 35. Kg1 e2 36. Re1 Bf3 37. Kf2 Rf8 38. Qd6 g3+ 39. Kg1 gxh2+ 40. Kxh2
0-1

[Event "Ceske sachove vanoce 2004"]
[Site "Litomysl"]
[Date "2005.01.02"]
[Round "9.23"]
[White "Vanek, Tomas"]
[Black "Schirmbeck, Hannes"]
[Result "1-0"]
[WhiteElo "2060"]
[BlackElo "2139"]
[PlyCount "81"]
[EventDate "2004.12.26"]

1. d4 Nf6 2. c4 e5 3. dxe5 Ng4 4. Bf4 Bb4+ 5. Nc3 Bxc3+ 6. bxc3 Nc6 7. Nf3 Qe7
8. Qd5 f6 9. exf6 Nxf6 10. Qd3 d6 11. e3 O-O 12. Be2 Ne4 13. Rc1 Bg4 14. Qd5+
Kh8 15. Nd4 Rxf4 16. exf4 Nxd4 17. Qxd4 Bxe2 18. Kxe2 Ng3+ 19. Kf3 Nxh1 20.
Rxh1 Re8 21. Qd3 b6 22. h4 a5 23. g4 Qf7 24. h5 h6 25. Qg6 Qd7 26. Rd1 Re6 27.
Qf5 Qe7 28. Rd4 Rf6 29. Re4 Rxf5 30. Rxe7 Rc5 31. Re4 Kg8 32. Rd4 Kf7 33. Ke4
Kf6 34. Kd3 a4 35. Rd5 Rc6 36. Kd4 a3 37. Rb5 Ke6 38. f5+ Kf6 39. Kd5 Rc5+ 40.
Rxc5 bxc5 41. f4 1-0

[Event "Ceske sachove vanoce 2004"]
[Site "Litomysl"]
[Date "2005.01.02"]
[Round "9.24"]
[White "Mejzlik, Ondrej"]
[Black "Batyte, Daiva"]
[Result "1-0"]
[WhiteElo "2054"]
[BlackElo "2130"]
[PlyCount "93"]
[EventDate "2004.12.26"]

1. c4 e6 2. Nc3 Bb4 3. d4 Nf6 4. Bg5 h6 5. Bxf6 Qxf6 6. e3 c5 7. Nf3 Nc6 8. Be2
cxd4 9. exd4 O-O 10. O-O Bxc3 11. bxc3 d6 12. Rb1 e5 13. d5 Na5 14. Re1 Bf5 15.
Bd3 Rac8 16. Rb4 b6 17. Bxf5 Qxf5 18. Nd2 Qg6 19. Qb1 Qxb1 20. Rexb1 Rc7 21.
Ra4 f5 22. Rbb4 Rfc8 23. f3 Kf7 24. Kf2 Ke7 25. Ke3 Kd7 26. Kd3 Re8 27. Nb3 e4+
28. fxe4 Nxb3 29. axb3 Rxe4 30. c5 dxc5 31. Rxe4 fxe4+ 32. Rxe4 Kd6 33. c4 Re7
34. Rg4 Ke5 35. g3 g5 36. Re4+ Kd6 37. Rxe7 Kxe7 38. Ke4 Kd6 39. g4 a6 40. Kf5
b5 41. Ke4 Kd7 42. Ke5 a5 43. cxb5 Kc7 44. d6+ Kd7 45. b6 Kc6 46. Ke6 c4 47.
bxc4 1-0

[Event "Ceske sachove vanoce 2004"]
[Site "Litomysl"]
[Date "2005.01.02"]
[Round "9.28"]
[White "Prachar, Josef"]
[Black "Lips, Frantisek"]
[Result "1/2-1/2"]
[WhiteElo "2008"]
[BlackElo "2102"]
[PlyCount "40"]
[EventDate "2004.12.26"]

1. d4 Nf6 2. c4 c6 3. Nc3 d5 4. Nf3 Bf5 5. Qb3 Qb6 6. c5 Qxb3 7. axb3 e6 8. Bf4
Nbd7 9. e3 Be7 10. b4 O-O 11. b5 cxb5 12. Bxb5 a6 13. Be2 Ne4 14. Nxe4 Bxe4 15.
O-O Nb8 16. Rfc1 Nc6 17. Ne5 Nxe5 18. Bxe5 f6 19. Bg3 Rfc8 20. b4 Bg6 1/2-1/2